005400000a22001330004500090001700000245012900017041001400146700003500160700003500195100004200230942001300272773010400285999001700389 aASbSeriadas10aNueva especie del género Atelopus A.M.C. Durmeril & Bibron 1841 (Amphibia: Bufonidae) de la Cordillera Oriental colombiana0 aEspañol1 aOsorno Muñoz, Mariela9991631 aRuiz Carranza, Pedro M.9941871 aArdila Robayo, María Cristina94334 cARTICULO1 tRevista de la Academia Colombiana de Ciencias Exactas, Físicas y Naturalesh98q133-139d2002g26 c15566d15566